| 000 | 00814nam a2200265Ia 4500 | ||
|---|---|---|---|
| 003 | OSt | ||
| 005 | 20220924124213.0 | ||
| 006 | a|||||r|||| 00| 0 | ||
| 007 | ta | ||
| 008 | 220923b |||||||| |||| 00| 0 urd d | ||
| 020 | _a9788175879805 (hbk) | ||
| 020 | _c164 | ||
| 024 | _a284324 | ||
| 037 |
_b43536, 13/03/2015, Segment Book Distributors _cTextual |
||
| 040 |
_aARTS _cARTS _burd |
||
| 041 |
_2urd _aurd |
||
| 082 | _aO168v2, Q1.11 | ||
| 100 | _aMohd. Ansarullah | ||
| 245 | 0 | _aTareekh adbe Urdu | |
| 260 |
_aNew Delhi _b National Council for promotion of urdu language India _c2013 |
||
| 300 |
_a540p. _ccm. |
||
| 650 | _aURDU LITERATURE | ||
| 942 |
_hO168v2, Q1.11 _cTEXL _2CC |
||
| 999 |
_c418796 _d418796 |
||